Un Mundo Felíz (Record no. 9461)

MARC details
000 -CABECERA
campo de control de longitud fija 00678nam a2200241 a 4500
001 - NÚMERO DE CONTROL
campo de control BRL_649
005 - FECHA Y HORA DE LA ÚLTIMA TRANSACCIÓN
campo de control 20190320210833.0
008 - DATOS DE LONGITUD FIJA--INFORMACIÓN GENERAL
campo de control de longitud fija 180913s1969----sp-#######---#000-1#spa-#
041 ## - CÓDIGO DE LENGUA
Código de lengua del texto/banda sonora o título independiente spa
044 ## - CÓDIGO DEL PAÍS DE LA ENTIDAD EDITORA/PRODUCTORA
Código MARC del país mx
050 #4 - SIGNATURA TOPOGRÁFICA DE LA BIBLIOTECA DEL CONGRESO
Número de clasificación PR6015.U9
Número de documento/Ítem .H89 1969
100 1# - ENTRADA PRINCIPAL--NOMBRE DE PERSONA
Nombre de persona Huxley, Aldous
9 (RLIN) 24519
245 10 - MENCIÓN DE TÍTULO
Título Un Mundo Felíz
Mención de responsabilidad, etc. Aldous Huxley ; traducción de Ramón Hernández.
260 ## - PUBLICACIÓN, DISTRIBUCIÓN, ETC.
Lugar de publicación, distribución, etc. Barcelona
Nombre del editor, distribuidor, etc. Plaza & James
Fecha de publicación, distribución, etc. 1969
300 ## - DESCRIPCIÓN FÍSICA
Extensión 202 p.
Dimensiones 18 cm.
440 #0 - MENCIÓN DE SERIE/PUNTO DE ACCESO ADICIONAL--TÍTULO
Título rotativa
9 (RLIN) 24520
500 ## - NOTA GENERAL
Nota general Au756
500 ## - NOTA GENERAL
Nota general Traducción de: Brave new world.
650 14 - PUNTO DE ACCESO ADICIONAL DE MATERIA--TÉRMINO DE MATERIA
Término de materia o nombre geográfico como elemento de entrada Pasividad (psicología)
Subdivisión de forma Novela
9 (RLIN) 24521
700 1# - PUNTO DE ACCESO ADICIONAL--NOMBRE DE PERSONA
Nombre de persona Hernández, Ramón
Término indicativo de función/relación tr.
9 (RLIN) 24522
902 ## - CATALOGADOR
Iniciales GRL
942 ## - ELEMENTOS DE PUNTO DE ACCESO ADICIONAL (KOHA)
Fuente del sistema de clasificación o colocación Library of Congress Classification
Tipo de ítem Koha Libros
Holdings
Estado de retiro Estado de pérdida Estado dañado No para préstamo Localización permanente Ubicación/localización actual Fecha de adquisición Número de inventario Total de préstamos Signatura topográfica completa Código de barras Fecha visto por última vez Precio válido a partir de Tipo de ítem Koha
El ejemplar forma parte de la colección y puede ser consultado según las políticas vigentes.       Biblioteca Centro de Estudios Ruth D. Lechuga Biblioteca Centro de Estudios Ruth D. Lechuga 18/09/2013 Au756   PR6015.U9 .H89 1969 (Au756) GRL00718 22/03/2019 22/03/2019 Libros